header

A companion to theoretical econometrics (Record no. 35978)

MARC details
000 -LEADER
fixed length control field 01361nam a2200349Ia 4500
245 02 - TITLE STATEMENT
Title A companion to theoretical econometrics
260 ## - PUBLICATION, DISTRIBUTION, ETC. (IMPRINT)
Place of publication Malden, Mass. :
Name of publisher Blackwell,
Year of publication 2001.
300 ## - PHYSICAL DESCRIPTION
Number of Pages xviii, 709 p. :
Other physical details ill.
490 1# - SERIES STATEMENT
Series statement Blackwell companions to contemporary economics
650 #0 - SUBJECT ADDED ENTRY--TOPICAL TERM
Topical Term Econometrics.
Topical Term Economics, Mathematical.
700 1# - ADDED ENTRY--PERSONAL NAME
Personal name Baltagi, Badi H.
856 40 - ELECTRONIC LOCATION AND ACCESS
Uniform Resource Identifier http://site.ebrary.com/lib/rucke/Doc?id=10240331

No items available.

© 2026 Rongo University
Contact us: librarian | system librarian | Rongo university